College Quizbowl Stats
College Quizbowl Stats
Circuits
Seasons
Sets
Records
Detailed Stats
About
Loading...
2023 ARCADIA at Ohio State
Tossups
Bonuses
Players
Teams
Categories (Tossup)
Categories (Bonus)
Arthur
Ohio State B
Categories
Category
Powers
Gets
Negs
BBs
Points
Earliest Buzz
Avg. Buzz
First Buzzes
Top 3 Buzzes
BPA
PVF
History - European
1
1
0
1
25
63
96.50
1
2
0.00
0.00
Geography
0
1
0
1
10
137
137.00
1
1
0.00
0.00
History - American
1
0
1
0
10
48
48.00
0
1
0.00
0.00
History - World
0
1
0
0
10
113
113.00
1
1
0.00
0.00
Buzzes
Category
Answer
Value
Buzz Position
History - American
Ross Perot
15
48
History - American
National Security Agency
-5
60
History - European
Normans
15
63
History - World
Tenochtitlan
10
113
History - European
Spanish Muslims
10
130
Geography
Øresund
10
137
Previous
1
Next